000 00778nam a22002537a 4500
003 OSt
005 20160823185715.0
008 160823b xxu||||| |||| 00| 0 eng d
020 _a0-07-861785-5
040 _cLIC
082 _22005
_aDC 503
_bB48n
100 _913574
_aBiggs, Alton
245 _aNorth Carolina science:
_bgrade 6/
_cAlton Biggs...[and four others]
260 _aColumbus, Ohio:
_bMcGraw-Hill Companies, Inc.,
_cc2005.
300 _axxvi, 699 pages:
_billustrations;
_c28 cm.
440 _913578
_aGlencoe Science
500 _aIncludes glossary and index.
650 0 _913579
_aScience
700 _913580
_aFeather, Ralph M.
700 _913581
_aRillero, Peter
700 _913582
_aSnyder, Susan Leach
700 _913583
_aZike, Dinah
942 _2ddc
_cDC
999 _c4079
_d4079